Countries of Iberian peninsula and France in 1360 - Statistics

General Stats
  • This quiz has been taken 66 times
    34 since last reset
  • The average score is 14 of 41
Answers on the Map
Answers color-coded by a green-red scale on the quiz's map according to % correct below.
 
Answer Stats
Countries % Correct
Aragon
96%
Castille
96%
France
96%
Brittany
93%
Granada
93%
Portugal
93%
Navarra
89%
Burgundy
74%
Andorra
59%
Foix
52%
Auvergne
41%
Bearn
41%
Urgell
37%
Couto Misto
33%
Anjou
30%
Lyon
30%
Nevers
30%
Artois
26%
Maine
26%
Orange
22%
Blois
19%
Bourbonnais
19%
Empuries
19%
La Marche
19%
Narbonne
19%
Alencon
15%
Berry
15%
Evreux
15%
Auxerre
11%
Forez
11%
Rethel
11%
Bourges
7%
Cambrai
7%
Clermont
7%
Dreux
7%
Macon
7%
Comminges
4%
Langres
4%
Pallars Sobira
4%
Tonnerre
4%
Couserans
0%
No matching quizzes found
Score Distribution
Percent of People with Each Score
Percentile by Number Answered
Your Score History
You have not taken this quiz since the last reset